[Event "Hastings Masters"]
[Site "?"]
[Date "2009.12.28"]
[Round "1.38"]
[White "Barton, R Alan"]
[Black "Tari, Aryan"]
[Result "1/2-1/2"]
[WhiteElo "2119"]
[BlackElo "1932"]
[PlyCount "96"]
[EventDate "2009.12.28"]
[SourceDate "2009.12.28"]

1. d4 Nf6 2. Nf3 e6 3. c3 b6 4. Bg5 Bb7 5. Nbd2 Be7 6. e3 O-O 7. Bd3 d5 8. Ne5
Nbd7 9. f4 c5 10. Qf3 h6 11. h4 cxd4 12. exd4 Nxe5 13. fxe5 Ne4 14. Bxe7 Nxd2
15. Kxd2 Qxe7 16. Rae1 f6 17. Qg3 f5 18. Qf4 Bc8 19. g4 fxg4 20. Qxg4 Rf2+ 21.
Kc1 Qf7 22. Rhf1 Bd7 23. Rxf2 Qxf2 24. Rf1 Qe3+ 25. Kc2 Rf8 26. Bh7+ Kxh7 27.
Rxf8 Bb5 28. Qf3 Bd3+ 29. Kb3 Qd2 30. Ka3 Bf5 31. Rxf5 exf5 32. Qxf5+ Kh8 33.
e6 Qe2 34. Qxd5 Qa6+ 35. Kb3 b5 36. Kc2 b4 37. c4 Qa4+ 38. Kc1 Qxa2 39. e7 Qa1+
40. Kc2 b3+ 41. Kxb3 Qd1+ 42. Kc3 Qe1+ 43. Kd3 Qd1+ 44. Ke3 Qe1+ 45. Kf3 Qf1+
46. Kg4 Qe2+ 47. Kf4 Qf2+ 48. Kg4 Qe2+ 1/2-1/2

[Event "Hastings Masters"]
[Site "?"]
[Date "2009.12.28"]
[Round "1.39"]
[White "Campbell, Eoin"]
[Black "De Coverley, Roger D"]
[Result "0-1"]
[WhiteElo "1910"]
[BlackElo "2109"]
[PlyCount "48"]
[EventDate "2009.12.28"]
[SourceDate "2009.12.28"]

1. Nf3 Nf6 2. c4 g6 3. g3 Bg7 4. Bg2 d6 5. d4 O-O 6. O-O Nc6 7. Nc3 Rb8 8. h3
Bd7 9. e4 Qc8 10. e5 Ne8 11. e6 fxe6 12. Be3 a6 13. Ng5 h6 14. d5 exd5 15. cxd5
hxg5 16. dxc6 bxc6 17. Qe2 Bxh3 18. Qc4+ Qe6 19. Qxc6 Bxg2 20. Kxg2 Rxb2 21.
Rac1 Qf5 22. Nd5 Qf3+ 23. Kh2 Kf7 24. Qc4 Rh8+ 0-1

[Event "Hastings Masters"]
[Site "?"]
[Date "2009.12.28"]
[Round "1.41"]
[White "Moore, Gillian A"]
[Black "Wilson, Alexandra"]
[Result "0-1"]
[WhiteElo "1902"]
[BlackElo "2089"]
[PlyCount "60"]
[EventDate "2009.12.28"]
[SourceDate "2009.12.28"]

1. d4 e6 2. e4 d5 3. e5 c5 4. c3 Nc6 5. Nf3 Bd7 6. Be2 Nge7 7. O-O Nf5 8. dxc5
Bxc5 9. Bf4 O-O 10. Nbd2 a5 11. a4 f6 12. exf6 Qxf6 13. Nb3 Ba7 14. h3 Kh8 15.
Qd2 e5 16. Bg5 Qg6 17. Rfe1 e4 18. Nfd4 Nfxd4 19. Nxd4 h6 20. Be3 Bxh3 21. Bf1
Ne5 22. Kh1 Bd7 23. Be2 Bg4 24. Bxg4 Nxg4 25. Bf4 Bxd4 26. cxd4 Rf5 27. Bg3
Raf8 28. Qxa5 Nxf2+ 29. Kg1 Qxg3 30. Qb5 Ng4 0-1

[Event "Hastings Masters"]
[Site "?"]
[Date "2009.12.28"]
[Round "1.42"]
[White "Demac, Elias"]
[Black "Lenier, Jude"]
[Result "1-0"]
[WhiteElo "2084"]
[BlackElo "1828"]
[PlyCount "57"]
[EventDate "2009.12.28"]
[SourceDate "2009.12.28"]

1. d4 Nf6 2. c4 c5 3. d5 e6 4. Nc3 exd5 5. cxd5 d6 6. Nf3 g6 7. Bf4 a6 8. a4
Bg7 9. h3 O-O 10. Nd2 Re8 11. e3 Bf5 12. Qb3 Qc7 13. Nc4 Bf8 14. Qb6 Qxb6 15.
Nxb6 Ra7 16. Nc4 Rd8 17. f3 Nh5 18. Bh2 Bc8 19. Ne4 Nd7 20. Nexd6 Bxd6 21. Nxd6
Nb6 22. Nxc8 Rxc8 23. e4 f5 24. g4 Nf6 25. e5 Nfxd5 26. a5 Na8 27. Bc4 Nac7 28.
Rd1 Rd8 29. e6 1-0

[Event "Hastings Masters"]
[Site "?"]
[Date "2009.12.28"]
[Round "1.44"]
[White "Calvert, D Ian "]
[Black "Niloy, Chakraborty"]
[Result "0-1"]
[WhiteElo "2070"]
[BlackElo "1800"]
[PlyCount "87"]
[EventDate "2009.12.28"]
[SourceDate "2009.12.28"]

1. b3 e5 2. Bb2 d6 3. e3 Nf6 4. d4 exd4 5. Qxd4 c5 6. Qf4 Be7 7. Bb5+ Nc6 8.
Nc3 O-O 9. Nf3 Nb4 10. Bd3 Nh5 11. Qe4 f5 12. Qc4+ d5 13. Nxd5 Qxd5 14. Qxd5+
Nxd5 15. Bc4 Be6 16. O-O-O Nc7 17. Bxe6+ Nxe6 18. Rd7 Bf6 19. Rxb7 Bxb2+ 20.
Kxb2 Rf7 21. Rxf7 Kxf7 22. Rd1 Rd8 23. Rxd8 Nxd8 24. Ne5+ Ke6 25. Nd3 Nb7 26.
c4 g5 27. Kc3 Nf6 28. f3 Nd7 29. a3 Ne5 30. Nf2 a5 31. h3 a4 32. f4 gxf4 33.
exf4 Ng6 34. Nd3 axb3 35. Kxb3 Na5+ 36. Kc3 Kd6 37. g3 h5 38. h4 Nc6 39. a4
Nge7 40. Ne1 Kd7 41. Kd2 Ng8 42. Nd3 Nf6 43. Ke3 Ne4 44. a5 0-1

[Event "Hastings Masters"]
[Site "?"]
[Date "2009.12.28"]
[Round "1.46"]
[White "Sreeves, Clement"]
[Black "Sanders, Isaac B"]
[Result "1-0"]
[WhiteElo "2061"]
[BlackElo "1777"]
[PlyCount "49"]
[EventDate "2009.12.28"]
[SourceDate "2009.12.28"]

1. e4 c5 2. Nf3 Nc6 3. d4 cxd4 4. Nxd4 Nf6 5. Nc3 e5 6. Ndb5 d6 7. Bg5 a6 8.
Na3 b5 9. Nd5 Be7 10. Bxf6 Bxf6 11. c4 b4 12. Nc2 Rb8 13. b3 Bg5 14. g3 f5 15.
exf5 Bxf5 16. Bh3 Bxh3 17. Qh5+ g6 18. Qxh3 Qd7 19. Qxd7+ Kxd7 20. O-O a5 21.
Rad1 Ne7 22. c5 Nxd5 23. Rxd5 Kc6 24. Rxd6+ Kxc5 25. Rfd1 1-0

[Event "Hastings Masters"]
[Site "?"]
[Date "2009.12.28"]
[Round "1.47"]
[White "Macrae, James S"]
[Black "Foord, Dominic"]
[Result "0-1"]
[WhiteElo "1753"]
[BlackElo "2051"]
[PlyCount "76"]
[EventDate "2009.12.28"]
[SourceDate "2009.12.28"]

1. d4 e6 2. Nf3 f5 3. c3 Nf6 4. Bg5 h6 5. Bxf6 Qxf6 6. Nbd2 d5 7. e3 Bd6 8. c4
c6 9. Qc2 O-O 10. g3 Bd7 11. Qb3 b6 12. Bg2 Be8 13. a4 Nd7 14. Qc2 Rc8 15. cxd5
exd5 16. O-O Bh5 17. h4 Rfe8 18. Rac1 Qg6 19. Kh2 Nf6 20. Ne5 Bxe5 21. dxe5 Ne4
22. Nxe4 fxe4 23. Qc3 Bg4 24. f3 exf3 25. Bxf3 Bxf3 26. Rxf3 Qe4 27. Rf4 Qxe5
28. Qxe5 Rxe5 29. Rc3 c5 30. Kg2 Rce8 31. Kf3 R8e6 32. b3 g5 33. hxg5 hxg5 34.
Rg4 a5 35. Rd3 Kf7 36. Kg2 Kg6 37. e4 dxe4 38. Re3 Kf5 0-1

[Event "Hastings Masters"]
[Site "?"]
[Date "2009.12.28"]
[Round "1.48"]
[White "Muheim, Sebastien"]
[Black "Tarun, Malhotra"]
[Result "1-0"]
[WhiteElo "2040"]
[BlackElo "1753"]
[PlyCount "93"]
[EventDate "2009.12.28"]
[SourceDate "2009.12.28"]

1. d4 Nf6 2. c4 g6 3. Nc3 Bg7 4. e4 d6 5. f3 O-O 6. Be3 Nc6 7. Qd2 a6 8. Nge2
Rb8 9. Nc1 e5 10. d5 Nd4 11. Nb3 Nxb3 12. axb3 Ne8 13. Bd3 f5 14. O-O f4 15.
Bf2 g5 16. c5 h5 17. b4 Rf6 18. c6 Rg6 19. b5 axb5 20. Bxb5 b6 21. Qc2 g4 22.
fxg4 Bxg4 23. Kh1 h4 24. h3 Bh5 25. Be1 Bh6 26. Be2 Ng7 27. Ra7 Kh8 28. Nb5 Rc8
29. Qd1 Bxe2 30. Qxe2 Qe7 31. Qf2 Bg5 32. Qf3 Bf6 33. Bf2 Qd8 34. Rfa1 Kh7 35.
Rb7 Kh6 36. Raa7 Ne8 37. Bxb6 Rg3 38. Qf1 cxb6 39. Rd7 Kg6 40. Rxd8 Bxd8 41.
Nc3 Nf6 42. Qa6 Rc7 43. Rxc7 Bxc7 44. Qc8 f3 45. Qf5+ Kf7 46. gxf3 Rg7 47. Nb5
1-0

[Event "Hastings Masters"]
[Site "?"]
[Date "2009.12.28"]
[Round "1.49"]
[White "Dean, Michael"]
[Black "Atako, Chino"]
[Result "0-1"]
[WhiteElo "1718"]
[BlackElo "2038"]
[PlyCount "30"]
[EventDate "2009.12.28"]
[SourceDate "2009.12.28"]

1. e4 g6 2. Nc3 Bg7 3. f4 d6 4. Nf3 Nf6 5. h3 Nh5 6. Ne2 e5 7. g4 Nxf4 8. Nxf4
exf4 9. Bg2 Nc6 10. c3 Ne5 11. d4 Nxf3+ 12. Qxf3 Qh4+ 13. Qf2 Qxf2+ 14. Kxf2 g5
15. Bd2 h5 {remaining moves illegible} 0-1

[Event "Hastings Masters"]
[Site "?"]
[Date "2009.12.28"]
[Round "1.50"]
[White "Norinkeviciute, Rosa"]
[Black "Devoille, Hugo"]
[Result "1-0"]
[WhiteElo "2027"]
[BlackElo "1691"]
[PlyCount "117"]
[EventDate "2009.12.28"]
[SourceDate "2009.12.28"]

1. c4 Nf6 2. g3 g6 3. Bg2 Bg7 4. e4 d6 5. Nc3 e5 6. Nge2 O-O 7. O-O Nh5 8. f4
exf4 9. Nxf4 Nxf4 10. Rxf4 Bh6 11. Rf1 Nc6 12. d4 Bg7 13. Be3 f5 14. Qd2 Qe7
15. Nd5 Qd8 16. Kh1 Be6 17. b3 Bxd5 18. exd5 Nb8 19. Bg5 Bf6 20. Bxf6 Qxf6 21.
Rae1 Nd7 22. Re6 Qg7 23. Rfe1 Rf7 24. Qe3 Qf8 25. Qf4 Rf6 26. R1e2 Rb8 27. Qd2
Ra8 28. Qe1 Rxe6 29. dxe6 Nf6 30. Bxb7 Rb8 31. e7 Qe8 32. Bf3 Kf7 33. Qa5 Qd7
34. Qxa7 Re8 35. Qa5 Rxe7 36. Qe1 Re8 37. Rxe8 Nxe8 38. Bd5+ Kf6 39. Qe3 c6 40.
Bf3 Nc7 41. Kg1 Ne6 42. Qc3 Kf7 43. Qa5 Nc7 44. Qd2 Ne6 45. Qe3 Kf6 46. d5 cxd5
47. Bxd5 Nc5 48. Qd4+ Ke7 49. Qh8 Nd3 50. Qxh7+ Ke8 51. Qg8+ Ke7 52. Qf7+ Kd8
53. Qf6+ Ke8 54. Qxg6+ Kd8 55. Qg8+ Kc7 56. Be6 Qc6 57. Qc8+ Kb6 58. Qxc6+ Kxc6
59. Bxf5 1-0

[Event "Hastings Masters"]
[Site "?"]
[Date "2009.12.28"]
[Round "1.53"]
[White "Gormally, Daniel"]
[Black "Obiamiwe, Paul"]
[Result "1-0"]
[WhiteElo "2479"]
[BlackElo "2046"]
[PlyCount "69"]
[EventDate "2009.12.28"]
[SourceDate "2009.12.28"]

1. d4 d5 2. c4 e6 3. Nc3 Nf6 4. cxd5 exd5 5. Bg5 c6 6. e3 Be7 7. Qc2 O-O 8. Bd3
Nbd7 9. Nge2 Re8 10. O-O Nf8 11. Rab1 Ne4 12. Bxe7 Qxe7 13. Bxe4 dxe4 14. Ng3
f5 15. f3 exf3 16. Rxf3 g6 17. e4 Ne6 18. Qf2 Ng5 19. Re3 f4 20. Qxf4 Rf8 21.
Nf5 Qf6 22. Rf1 Bxf5 23. exf5 gxf5 24. Rg3 h6 25. h4 Rad8 26. hxg5 Qxd4+ 27.
Qxd4 Rxd4 28. gxh6+ Kh7 29. Rg7+ Kxh6 30. Rxb7 a5 31. Rd1 Rfd8 32. Rxd4 Rxd4
33. Ra7 Rd2 34. Rxa5 Kg5 35. Ne4+ 1-0